Trồng- chăm sóc & phòng trừ sâu bệnh :
Guardat en:
| Autor principal: | |
|---|---|
| Format: | Llibre |
| Idioma: | Undetermined |
| Publicat: |
Hà Nội
Nông Nghiệp
2006
|
| Matèries: | |
| Etiquetes: |
Afegir etiqueta
Sense etiquetes, Sigues el primer a etiquetar aquest registre!
|
| Thư viện lưu trữ: | Trung tâm Học liệu Trường Đại học Cần Thơ |
|---|
| LEADER | 00611nam a2200193Ia 4500 | ||
|---|---|---|---|
| 001 | CTU_102198 | ||
| 008 | 210402s9999 xx 000 0 und d | ||
| 020 | |c 15000 | ||
| 082 | |a 632.9 | ||
| 082 | |b Ch312/Q.15 | ||
| 100 | |a Nguyễn, Mạnh Chinh | ||
| 245 | 0 | |a Trồng- chăm sóc & phòng trừ sâu bệnh : | |
| 245 | 0 | |c Nguyễn Mạnh Chinh, Nguyễn Đăng Nghĩa | |
| 260 | |a Hà Nội | ||
| 260 | |b Nông Nghiệp | ||
| 260 | |c 2006 | ||
| 650 | |a Diseases and pests,Fruit trees,Plant protection | ||
| 904 | |i M.Loan | ||
| 980 | |a Trung tâm Học liệu Trường Đại học Cần Thơ | ||